00527nam a2200193Ia 4500008004100000020001800041050001400059100001800073245003200091245002400123245005100147260002300198260002500221260000900246300001500255300002500270300001000295440002800305180207s9999 xx 000 0 und d a9789715113175 bB194 1993 aBalmes, A. C. aAng paglalakbay ni Butiki = bButirik's journey / cby A. C. Balmes ; paintings by Kora D. Albano. aMandaluyong City : bOMF Literature Inc., c1993 a32 pages : bcolor illustration ; c23cm. aHiyas christian values.